LEADER 01211nam a2200277 a 4500 001 000000120752 003 CaOOAMICUS 005 20100316121721.0 008 100316t2010 enk u000 u eng r 020 $a978-0-521-71403-7 040 $aPUL$bita$dReb 245 04$aThe Cambridge companion to John Wesley /$cEdited by Randy L. Maddox, Jason E. Vickers. 260 $aCambridge :$bUniversity Press,$cİ2010. 300 $axxi, 342 p. ;$c23 cm 490 1 $aCambridge companions to religion 504 $aBibliografia p. 317-322. 600 14$aWesley, John,$d1703-1791.$0(OLS)http://pul/subject/36578 700 1 $aMaddox, Randy L.$0(OLS)http://pul/name/75545 700 1 $aVickers, Jason E.$0(OLS)http://pul/name/75546 830 0$aCambridge companions to religion.$0(OLS)http://pul/title/103298 850 $aPUL 852 $aPUL$W1$xSL Religione 3$y85$m200. 5 COLL 1.11$j138404$qDDC 21$B137626$CPULBib$Z2$F137626 $H113046 $82 941 1 $a9 996 $6020$a978-0-521-71403-7$9(OLS)http://pul/number/143597 996 $6245$aThe Cambridge companion to John Wesley$9(OLS)http://pul/title/151861 996 $6260$aCambridge :$bUniversity Press$9(OLS)http://pul/publisher/49564 LEADER 01229nam a2200229 a 4500 001 000000148764 003 CaOOAMICUS 005 20160122144017.0 008 160122s1858 it chf u000 u ita r 032 $aLibriCat 040 $aPUL$bita 100 0 $aAntoninus,$cs., arciv. di Firenze,$d1389-1459.$0(OLS)http://pul/name/54775 245 10$aOpera a ben vivere di Santo Antonino arcivescovo di Firenze, messa ora a luce con altri suoi ammaestramenti e una giunta di antiche orazioni toscane da Francesco Palermo. 260 $aFirenze :$bcoi tipi di M. Cellini e C. alla Galileiana,$c1858. 300 $aLXXVII, 339 p., [2] p. di tav. ripieg. :$britr., facsim. ;$c27 cm. 700 1 $aPalermo, Francesco,$d1800-1874.$0(OLS)http://pul/name/17858 850 $aPUL 852 $aPUL$W1$xDP1 Religione 1$y20$m642 U 40$j171509$qStampati$B172932$CPULBib$Z2$F172932 $81 941 1 $a8 996 $6245$aOpera a ben vivere di Santo Antonino arcivescovo di Firenze, messa ora a luce con altri suoi ammaestramenti e una giunta di antiche orazioni toscane da Francesco Palermo$9(OLS)http://pul/title/187580 996 $6260$aFirenze :$bcoi tipi di M. Cellini e C. alla Galileiana$9(OLS)http://pul/publisher/84464